| 000 | 00694pam a2200217 a 4500 | ||
|---|---|---|---|
| 020 | _a0471546402 (alk. paper) | ||
| 040 | _cDLC | ||
| 082 | 0 | 0 | _a616 WIL 1994 A041 Or. |
| 245 | 0 | 4 |
_aThe Working alliance : _btheory, research, and practice / |
| 260 |
_aNew York : _bWiley, _cc1994. |
||
| 300 |
_axii, 304 p. : _bill. ; _c24 cm. |
||
| 500 | _a"A Wiley-Interscience publication." | ||
| 650 | 0 | _aTherapeutic alliance. | |
| 650 | 2 | _aPsychotherapy | |
| 650 | 2 | _aResearch | |
| 700 | 1 | _aHorvath, Adam O., | |
| 700 | 1 | _aGreenberg, Leslie S. | |
| 856 | 4 | 2 | _uhttp://www.loc.gov/catdir/description/wiley033/93021150.html |
| 856 | 4 | _uhttp://www.loc.gov/catdir/toc/onix04/93021150.html | |
| 942 | _cEK | ||
| 999 |
_c12383 _d12383 |
||